| 000 | 00598cam a22002171 4500 | ||
|---|---|---|---|
| 001 | sa 66000506 | ||
| 003 | DLC | ||
| 005 | 20260227112215.0 | ||
| 008 | 960923s1960 pk 000 0 pusr | ||
| 010 | _asa 66000506 | ||
| 025 | _aPL480:P-Pushto-162 | ||
| 035 | _a(OCoLC)35619947 | ||
| 040 |
_aDLC _cCLU _dCLU _dDLC |
||
| 042 | _apremarc | ||
| 050 | 0 | 0 |
_aPK6820.M87 _bN3 |
| 100 | 1 | _aMujāhid, Faz̤l-i Ghanī. | |
| 245 | 1 | 0 |
_aNạway zhwand. _cauthor: Faz̤al-i Ghanī Mujāhid. |
| 260 |
_aPeṣhawar, _bRaḥmān Nyūz Ejạnsī _c[pref. 1960] |
||
| 300 |
_a192 p. _c19 cm. |
||
| 500 | _aPoems. | ||
| 999 |
_c67289 _d67289 |
||